gold rush - taylor swift - Statistics

General Stats
  • This quiz has been taken 14 times
  • The average score is 313 of 339
Answer Stats
lyrics % Correct
a
100%
almost
100%
anyone
100%
be
100%
beautiful
100%
die
100%
don't
100%
everybody
100%
eyes
100%
face
100%
falling
100%
feel
100%
gold
100%
grow
100%
hair
100%
i
100%
in
100%
into
100%
inviting
100%
it
100%
jump
100%
like
100%
love
100%
must
100%
my
100%
on
100%
place
100%
rush
100%
so
100%
that
100%
to
100%
touch
100%
up
100%
wants
100%
what
100%
with
100%
wonders
100%
would
100%
you
100%
your
100%
and
92%
anticipating
92%
bone
92%
but
92%
call
92%
crush
92%
dominoes
92%
flush
92%
flying
92%
out
92%
past
92%
red
92%
see
92%
ships
92%
the
92%
'til
92%
waters
92%
anymore
83%
as
83%
at
83%
brush
83%
can't
83%
'cause
83%
contrarian
83%
dinner
83%
double
83%
fades
83%
feels
83%
folklore
83%
life
83%
mind
83%
never
83%
parties
83%
pure
83%
quick
83%
rose
83%
sinking
83%
town
83%
turns
83%
vision
83%
walk
83%
about
75%
blush
75%
dare
75%
day-old
75%
dominoes
75%
dream
75%
floors
75%
gleaming
75%
grey
75%
had
75%
me
75%
motion
75%
of
75%
seen
75%
shit
75%
slow
75%
tea
75%
then
75%
across
67%
could
67%
door
67%
eagles
67%
from
67%
hanging
67%
t-shirt
67%
twinkling
67%
we
67%
will
67%
wooden
67%
coastal
58%
padding
58%
'round
58%
wandered
58%
found
50%
won't
50%
No matching quizzes found
Score Distribution
Percent of People with Each Score
Percentile by Number Answered
Your Score History
You have not taken this quiz